[Event "FISU World University-ch 2020"]
[Site "Online"]
[Date "2020.10.26"]
[Round "8.27"]
[White "Hernandez Banquett, Bryan Steven"]
[Black "Koggala, W S T D"]
[Result "0-1"]
[WhiteElo "1971"]
[BlackElo "1480"]
[Annotator "NA"]
[PlyCount "88"]
[EventDate "2020.10.26"]
[SourceTitle "playchess.com"]
[Source "ChessBase"]
[SourceQuality "1"]

1. e4 e5 2. Nf3 Nc6 3. d4 exd4 4. Bc4 Nf6 5. e5 d5 6. Bb5 Ne4 7. Nxd4 Bd7 8. Bxc6 bxc6 9. Be3 Bc5 10. O-O Bb6 11. f3 Nc5 12. a4 a5 13. f4 O-O 14. Nd2 Ne6 15. N2f3 f6 16. exf6 Qxf6 17. Ne5 Rad8 18. c3 c5 19. Ndc6 Bxc6 20. Nxc6 Rd6 21. Ne5 Qh4 22. g3 Qe7 23. f5 Ng5 24. Bxg5 Qxg5 25. Nf3 Qxf5 26. Kg2 Rdf6 27. Nh4 Qe4+ 28. Nf3 h5 29. h4 Re6 30. b3 d4 31. cxd4 cxd4 32. Ra2 c5 33. Raf2 Bc7 34. Re1 Qg4 35. Rxe6 Qxe6 36. Ng5 Rxf2+ 37. Kxf2 Qe3+ 38. Kf1 Bxg3 39. Qc2 d3 40. Qc4+ Kh8 41. Nf7+ Kh7 42. Ng5+ Kh8 43. Qf7 Qe2+ 44. Kg1 Qh2+ 0-1

[Event "FISU World University-ch 2020"]
[Site "Online"]
[Date "2020.10.26"]
[Round "8.27"]
[White "Jayasinghe, Keeth M S"]
[Black "Toro Castaneda, Elizabeth"]
[Result "0-1"]
[WhiteElo "1726"]
[BlackElo "1989"]
[Annotator "NA"]
[PlyCount "86"]
[EventDate "2020.10.26"]
[SourceTitle "playchess.com"]
[Source "ChessBase"]
[SourceQuality "1"]

1. d4 Nf6 2. Bf4 g6 3. Nc3 Bg7 4. e4 d6 5. Qd2 O-O 6. O-O-O Nbd7 7. Bh6 c5 8. d5 a6 9. h4 b5 10. f3 Qa5 11. Kb1 Ne5 12. h5 Nxh5 13. Bxg7 Kxg7 14. g4 Nf6 15. Qh6+ Kg8 16. Nh3 Nxf3 17. Nf4 Bxg4 18. Bh3 Ne5 19. Rdg1 Bf3 20. Rh2 b4 21. Nce2 Bxe2 22. Rxe2 Kh8 23. Rh2 Rg8 24. Rgh1 Rg7 25. Rg2 Rag8 26. Ne2 Nxe4 27. Ng3 Nxg3 28. Rxg3 c4 29. Bg2 Rb8 30. Be4 c3 31. Rgh3 Nc4 32. b3 Nd2+ 33. Kc1 Nxe4 34. Qe3 f5 35. Qd4 Kg8 36. Qa7 Rf8 37. Qd7 Nc5 38. Qa7 Qxa2 39. Kd1 Qb1+ 40. Ke2 Qxc2+ 41. Kf3 Qe4+ 42. Kf2 Qd4+ 43. Kg2 Qxd5+ 0-1

[Event "FISU World University-ch 2020"]
[Site "Online"]
[Date "2020.10.26"]
[Round "8.27"]
[White "Perera, Thilina"]
[Black "Gomez Guardo, Laura Meli"]
[Result "0-1"]
[WhiteElo "1434"]
[BlackElo "1875"]
[Annotator "NA"]
[PlyCount "78"]
[EventDate "2020.10.26"]
[SourceTitle "playchess.com"]
[Source "ChessBase"]
[SourceQuality "1"]

1. e4 c5 2. Nc3 e6 3. f4 a6 4. a4 d5 5. e5 d4 6. Ne4 b6 7. d3 Bb7 8. Be2 Bxe4 9. dxe4 Nd7 10. Nf3 Ne7 11. O-O Qc7 12. b3 Ng6 13. Bd3 Be7 14. Qe1 Qb7 15. Qg3 Qc7 16. Bd2 a5 17. Rae1 h5 18. h4 O-O-O 19. Ba6+ Kb8 20. f5 Ngxe5 21. Nxe5 Nxe5 22. Qxg7 Ka7 23. Bb5 Rdg8 24. Qxh8 Rxh8 25. f6 Bd6 26. Bg5 Ng4 27. Rf3 Rg8 28. Bd3 Bg3 29. Re2 Qe5 30. Rd2 Bh2+ 31. Kh1 Bg3 32. Kg1 Kb7 33. Rd1 Bxh4 34. Bxh4 Qh2+ 35. Kf1 Qxh4 36. Ke2 Ne3 37. Rg1 Rxg2+ 38. Rxg2 Nxg2 39. e5 Qe1# 0-1

[Event "FISU World University-ch 2020"]
[Site "Online"]
[Date "2020.10.26"]
[Round "8.28"]
[White "Morante Rafael, Aritz"]
[Black "Ng, Jun Jie"]
[Result "0-1"]
[WhiteElo "2161"]
[BlackElo "1171"]
[Annotator "TA"]
[PlyCount "104"]
[EventDate "2020.10.26"]
[SourceTitle "playchess.com"]
[Source "ChessBase"]
[SourceQuality "1"]

1. e4 c5 2. Nf3 Nc6 3. d4 cxd4 4. Nxd4 e5 5. Nb5 d6 6. N1c3 a6 7. Na3 b5 8. Nd5 Nf6 9. Bg5 Be7 10. Bxf6 Bxf6 11. c4 b4 12. Nc2 a5 13. g3 O-O 14. Bg2 g6 15. O-O Bg7 16. Nce3 Nd4 17. f4 exf4 18. gxf4 Qh4 19. Qd2 f5 20. exf5 Bxf5 21. Nxf5 Nxf5 22. Qe1 Bd4+ 23. Kh1 Bxb2 24. Rb1 Qxe1 25. Rfxe1 Rae8 26. Be4 Bd4 27. Nc7 Rc8 28. Bd5+ Kh8 29. Ne6 Rfe8 30. Ng5 Re3 31. Rbd1 Rce8 32. Rxe3 Rxe3 33. Nf7+ Kg7 34. Nxd6 Nxd6 35. Rxd4 Nf5 36. Rd1 Re2 37. Rc1 Ne3 38. Bf3 Rxa2 39. c5 b3 40. Re1 b2 41. Be4 Ra1 42. Bb1 Nc4 43. c6 a4 44. c7 Nd6 45. Kg2 a3 46. Rd1 a2 47. Rxd6 axb1=Q 48. c8=Q Qf1+ 49. Kg3 Ra3+ 50. Kh4 Qxf4+ 51. Qg4 Qh6+ 52. Qh5 Qxh5# 0-1

[Event "FISU World University-ch 2020"]
[Site "Online"]
[Date "2020.10.26"]
[Round "8.28"]
[White "Ling, Jin Sheng Timothy"]
[Black "Moreno Estebanez, Patxi"]
[Result "0-1"]
[WhiteElo "1640"]
[BlackElo "2226"]
[Annotator "TA"]
[PlyCount "76"]
[EventDate "2020.10.26"]
[SourceTitle "playchess.com"]
[Source "ChessBase"]
[SourceQuality "1"]

1. Nf3 Nf6 2. c4 g6 3. g3 Bg7 4. Bg2 O-O 5. O-O d6 6. Nc3 e5 7. d3 Nc6 8. a3 a5 9. Bg5 h6 10. Bd2 Re8 11. Qc1 Kh7 12. e3 Bf5 13. e4 Bg4 14. Be3 Nd7 15. h3 Bxf3 16. Bxf3 Nd4 17. Bxd4 exd4 18. Nd5 g5 19. Bg4 Nc5 20. Bf5+ Kg8 21. Qd1 c6 22. b4 Ne6 23. f4 cxd5 24. cxd5 Nf8 25. b5 Ng6 26. Qg4 gxf4 27. gxf4 Qh4 28. Bxg6 Qxg4+ 29. hxg4 fxg6 30. Rfc1 Rac8 31. b6 Rc3 32. Kf2 Rec8 33. Rd1 Rc2+ 34. Kf3 g5 35. f5 Be5 36. Rab1 Rh2 37. Rdc1 Rc3 38. Rxc3 dxc3 0-1

[Event "FISU World University-ch 2020"]
[Site "Online"]
[Date "2020.10.26"]
[Round "8.29"]
[White "Isakzhanov, Kelsinbek"]
[Black "Donoso Diaz, Sebastian"]
[Result "0-1"]
[WhiteElo "2070"]
[BlackElo "2192"]
[Annotator "ChessBase"]
[PlyCount "88"]
[EventDate "2020.10.26"]
[SourceTitle "playchess.com"]
[Source "ChessBase"]
[SourceQuality "1"]

1. d4 d5 2. c4 dxc4 3. e3 e5 4. Bxc4 exd4 5. Nf3 Nf6 6. O-O Be7 7. Qb3 O-O 8. Ne5 Qe8 9. exd4 Nc6 10. Nxc6 Qxc6 11. Bg5 Qd7 12. Re1 a6 13. a4 Rb8 14. Nc3 b5 15. axb5 axb5 16. Bxb5 Qg4 17. Rxe7 Qxg5 18. Re5 Qh4 19. Qc2 Ng4 20. h3 Nxe5 21. dxe5 Bb7 22. Bf1 Rfe8 23. Ra5 Qb4 24. Rb5 Qe7 25. Qb3 c6 26. Rb6 Qc7 27. f4 Ba8 28. Na4 Rxb6 29. Qxb6 Qxb6+ 30. Nxb6 Rb8 31. Nc4 c5 32. f5 Bd5 33. Ne3 Ba2 34. Bc4 Bxc4 35. Nxc4 Rb4 36. b3 Rxb3 37. Kf2 Kf8 38. f6 gxf6 39. exf6 Rb4 40. Ne5 Ke8 41. Ke3 Rb6 42. Nd3 c4 43. Ne5 Re6 44. Kd4 Rxe5 0-1

[Event "FISU World University-ch 2020"]
[Site "Online"]
[Date "2020.10.26"]
[Round "8.29"]
[White "Bernal Navarrete, Marcelo"]
[Black "Abylkasymov, Kairatbek"]
[Result "1/2-1/2"]
[WhiteElo "1851"]
[BlackElo "1827"]
[Annotator "NA"]
[PlyCount "99"]
[EventDate "2020.10.26"]
[SourceTitle "playchess.com"]
[Source "ChessBase"]
[SourceQuality "1"]

1. e4 e5 2. Nf3 Nc6 3. Bb5 a6 4. Ba4 Nf6 5. d3 Bc5 6. c3 b5 7. Bc2 d6 8. O-O O-O 9. Nbd2 Bb6 10. h3 Re8 11. Re1 h6 12. Nf1 d5 13. Qe2 dxe4 14. dxe4 Be6 15. Bd3 Nd7 16. b4 Ne7 17. a4 c6 18. Ng3 Ng6 19. Nf5 Qc7 20. N3h4 Nxh4 21. Nxh4 Nf6 22. Qf3 Qe7 23. Kh1 Red8 24. Bc2 Ng4 25. Nf5 Bxf5 26. exf5 Nxf2+ 27. Kh2 e4 28. Qg3 Bc7 29. Bf4 Bxf4 30. Qxf4 Nd3 31. Bxd3 Rxd3 32. Rxe4 Qd6 33. Qxd6 Rxd6 34. c4 Rb8 35. axb5 axb5 36. c5 Rd5 37. Ra6 Rc8 38. g4 Kf8 39. Ra7 Re8 40. Rxe8+ Kxe8 41. Rc7 Rd4 42. Rxc6 Rxb4 43. Rb6 Rb3 44. Kg2 b4 45. c6 Rc3 46. Rb8+ Ke7 47. Rxb4 Rxc6 48. Kg3 Kf6 49. h4 g6 50. fxg6 1/2-1/2

[Event "FISU World University-ch 2020"]
[Site "Online"]
[Date "2020.10.26"]
[Round "8.29"]
[White "Isakzhanov, Aibek"]
[Black "Vega Llanos, Francisco Javier"]
[Result "0-1"]
[WhiteElo "1801"]
[BlackElo "1587"]
[Annotator "NA"]
[PlyCount "66"]
[EventDate "2020.10.26"]
[SourceTitle "playchess.com"]
[Source "ChessBase"]
[SourceQuality "1"]

1. e4 c5 2. c3 e5 3. Nf3 Nc6 4. d4 cxd4 5. cxd4 exd4 6. Nxd4 Nf6 7. Nxc6 dxc6 8. Qxd8+ Kxd8 9. f3 Bc5 10. Bg5 h6 11. Bxf6+ gxf6 12. Nc3 Be6 13. f4 f5 14. Bd3 fxe4 15. Bxe4 Kc7 16. Rf1 Rhe8 17. O-O-O Bxa2 18. Bxc6 bxc6 19. Nxa2 Re2 20. g3 Rb8 21. b4 Bd6 22. Rd2 Rxd2 23. Kxd2 a5 24. Kc2 axb4 25. Kb3 c5 26. Re1 Kc6 27. Kc4 b3 28. Nc3 Rb4+ 29. Kd3 c4+ 30. Ke4 b2 31. Rb1 Bf8 32. Nd5 f5+ 33. Ke5 Rb5 0-1

[Event "FISU World University-ch 2020"]
[Site "Online"]
[Date "2020.10.26"]
[Round "8.30"]
[White "Gasic Merino, Franco"]
[Black "Porras Chavarria, Steve"]
[Result "1-0"]
[WhiteElo "2204"]
[BlackElo "1825"]
[Annotator "ChessBase"]
[PlyCount "79"]
[EventDate "2020.10.26"]
[SourceTitle "playchess.com"]
[Source "ChessBase"]
[SourceQuality "1"]

1. d4 Nf6 2. g3 g6 3. Bg2 Bg7 4. e4 d6 5. Ne2 O-O 6. O-O Nbd7 7. Nbc3 e5 8. h3 c6 9. a4 Qc7 10. a5 Re8 11. Be3 Nf8 12. d5 Nh5 13. g4 Nf6 14. Ng3 h6 15. Qd2 Kh7 16. a6 c5 17. f4 exf4 18. Bxf4 bxa6 19. e5 dxe5 20. d6 Qb6 21. Bxh6 Bb7 22. Bxg7 Kxg7 23. Rxf6 Kxf6 24. Bd5 Ne6 25. Qh6 c4+ 26. Kh1 e4 27. Re1 Ke5 28. Bxe4 Bxe4+ 29. Ngxe4 Qc6 30. Kg1 Rh8 31. Qd2 Qb6+ 32. Nf2+ Kf6 33. Nd5+ Kg7 34. Nxb6 axb6 35. Qc3+ Kh7 36. Ne4 Kh6 37. Qf6 Ra7 38. Ng3 Rg8 39. Nf5+ Kh7 40. Qh4# 1-0

[Event "FISU World University-ch 2020"]
[Site "Online"]
[Date "2020.10.26"]
[Round "8.30"]
[White "Chaves Williams, Jose Andres"]
[Black "Alarcon Jorquera, Kevin"]
[Result "0-1"]
[WhiteElo "1540"]
[BlackElo "1759"]
[Annotator "NA"]
[PlyCount "96"]
[EventDate "2020.10.26"]
[SourceTitle "playchess.com"]
[Source "ChessBase"]
[SourceQuality "1"]

1. d4 Nf6 2. c4 g6 3. Nc3 d5 4. e3 Bg7 5. Qb3 c6 6. Nf3 O-O 7. cxd5 cxd5 8. Bd3 Nc6 9. a3 b6 10. O-O Bb7 11. Bd2 Na5 12. Qd1 Nc4 13. Bxc4 dxc4 14. Ne5 Nd5 15. f4 f6 16. Nxc4 Nxc3 17. bxc3 Qd5 18. Qe2 Ba6 19. Nxb6 axb6 20. Qf3 Qxf3 21. Rxf3 Bc4 22. e4 e5 23. d5 exf4 24. Rxf4 Bh6 25. Rf2 Bxd2 26. Rxd2 Rfe8 27. Rd4 b5 28. Kf2 f5 29. exf5 Re2+ 30. Kf3 Rc2 31. fxg6 hxg6 32. d6 Rxc3+ 33. Ke4 Re8+ 34. Kf4 Rd3 35. Rxd3 Bxd3 36. Rd1 Bf5 37. g4 Bd7 38. h4 Rc8 39. Kg5 Kg7 40. Re1 Rc5+ 41. Kf4 Rc4+ 42. Re4 Rxe4+ 43. Kxe4 Bxg4 44. Kd5 Bd7 45. Ke5 Kf7 46. Kd5 Kf6 47. Kc5 Ke6 48. Kb6 Kxd6 0-1

[Event "FISU World University-ch 2020"]
[Site "Online"]
[Date "2020.10.26"]
[Round "8.30"]
[White "Leon Badillo, Antonia"]
[Black "Campos Astorga, Priscila"]
[Result "1-0"]
[WhiteElo "1320"]
[BlackElo "1381"]
[Annotator "NA"]
[PlyCount "81"]
[EventDate "2020.10.26"]
[SourceTitle "playchess.com"]
[Source "ChessBase"]
[SourceQuality "1"]

1. d4 d5 2. Nf3 Nf6 3. e3 e6 4. Be2 c5 5. Nc3 Nbd7 6. Bd2 Be7 7. O-O O-O 8. Rc1 b6 9. Nb5 a6 10. Nc3 Bb7 11. Ne5 Nxe5 12. dxe5 Nd7 13. f4 d4 14. Nb1 dxe3 15. Bxe3 Qc7 16. Bf3 Rfd8 17. Qe2 Bxf3 18. Rxf3 Nf8 19. Nc3 h6 20. Rcf1 f5 21. R3f2 b5 22. g4 Nh7 23. gxf5 exf5 24. Qh5 Qd7 25. Rg2 Qe6 26. Rg6 Qf7 27. e6 Qf8 28. Kh1 Kh8 29. Rfg1 Bf6 30. Qxf5 Qe7 31. Bxc5 Qb7+ 32. R1g2 b4 33. e7 Rd7 34. Ne4 Rd1+ 35. Rg1 Rxg1+ 36. Rxg1 Bxe7 37. Bxe7 Qxe7 38. Qg6 Re8 39. Nd6 Rd8 40. Nf7+ Kg8 41. Qxg7# 1-0

[Event "FISU World University-ch 2020"]
[Site "Online"]
[Date "2020.10.26"]
[Round "8.31"]
[White "Amer, A.Naser"]
[Black "Da Silva, Francisco Iran Santo"]
[Result "1-0"]
[WhiteElo "2145"]
[BlackElo "1825"]
[Annotator "NA"]
[PlyCount "67"]
[EventDate "2020.10.26"]
[SourceTitle "playchess.com"]
[Source "ChessBase"]
[SourceQuality "1"]

1. e4 e6 2. d4 d5 3. Nd2 Nc6 4. e5 f6 5. exf6 Qxf6 6. Ndf3 e5 7. dxe5 Nxe5 8. Qxd5 Nxf3+ 9. Nxf3 Bd6 10. Be2 Ne7 11. Qg5 Bb4+ 12. Kf1 O-O 13. Qxf6 Rxf6 14. Bg5 Rb6 15. Be3 Rd6 16. c4 Nf5 17. Bf4 Rc6 18. g4 Ne7 19. Ne5 Rf6 20. Bg3 Bd6 21. Rd1 Be6 22. h3 Raf8 23. Rh2 Nc6 24. g5 Rf5 25. Bg4 Bxc4+ 26. Kg1 Rxg5 27. Nxc4 Bxg3 28. fxg3 Nb4 29. Rf2 Re8 30. Kg2 h5 31. Bd7 Re4 32. Kf3 Rge5 33. Nxe5 Rxe5 34. Kf4 1-0

[Event "FISU World University-ch 2020"]
[Site "Online"]
[Date "2020.10.26"]
[Round "8.31"]
[White "Ikeda, Vinicius Yasuto"]
[Black "Alharari, Mohammed Alsouri"]
[Result "1/2-1/2"]
[WhiteElo "2004"]
[BlackElo "2018"]
[Annotator "NA"]
[PlyCount "95"]
[EventDate "2020.10.26"]
[SourceTitle "playchess.com"]
[Source "ChessBase"]
[SourceQuality "1"]

1. d4 Nf6 2. c4 e6 3. Nf3 d5 4. Nc3 Be7 5. Bg5 O-O 6. e3 h6 7. Bh4 c6 8. Bd3 Nbd7 9. O-O b6 10. Qe2 Bb7 11. Rfd1 Rc8 12. Bg3 Nh5 13. Be5 Nhf6 14. Bg3 Re8 15. Rd2 Nf8 16. Ne5 Bd6 17. Rad1 Qc7 18. a3 N8d7 19. Nxd7 Qxd7 20. e4 Bxg3 21. hxg3 dxe4 22. Nxe4 Nxe4 23. Qxe4 g6 24. Qf4 Kg7 25. Be4 Qc7 26. Qf3 Rcd8 27. b4 Re7 28. d5 cxd5 29. cxd5 exd5 30. Bxd5 Rxd5 31. Rxd5 Re5 32. Qf4 Bxd5 33. Rxd5 Re1+ 34. Kh2 Qxf4 35. gxf4 Ra1 36. Rd3 Kf6 37. Kg3 Ra2 38. Re3 Kf5 39. Kf3 h5 40. g3 Rc2 41. Rd3 Ke6 42. Ke3 f6 43. Kf3 Rc4 44. Ke3 Rc2 45. Kf3 Rc4 46. Ke3 Rc2 47. Kf3 Rc4 48. Ke3 1/2-1/2

[Event "FISU World University-ch 2020"]
[Site "Online"]
[Date "2020.10.26"]
[Round "8.31"]
[White "Batista Inacio, Pedro Lews"]
[Black "Engaitah, Abdalsalam A."]
[Result "0-1"]
[WhiteElo "1687"]
[BlackElo "1944"]
[Annotator "NA"]
[PlyCount "66"]
[EventDate "2020.10.26"]
[SourceTitle "playchess.com"]
[Source "ChessBase"]
[SourceQuality "1"]

1. d4 d5 2. Nf3 Nf6 3. Bf4 e6 4. h3 Bd6 5. Bxd6 Qxd6 6. c3 Nbd7 7. e3 e5 8. dxe5 Nxe5 9. Nxe5 Qxe5 10. Qd4 Qe7 11. Be2 O-O 12. O-O c5 13. Qh4 Bf5 14. Nd2 Rad8 15. Nf3 Rd6 16. Rfd1 Rfd8 17. Rd2 Qd7 18. Bd3 Ne4 19. Rdd1 Rh6 20. Qf4 Rf6 21. Qe5 Re8 22. Qh2 h6 23. a4 a6 24. Nd2 Nxf2 25. Bxf5 Rxf5 26. Rf1 Nd3 27. Rxf5 Qxf5 28. Rf1 Qg5 29. Rf3 Rxe3 30. Qb8+ Kh7 31. Rxf7 Re2 32. g4 Qe3+ 33. Kf1 Rf2+ 0-1

[Event "FISU World University-ch 2020"]
[Site "Online"]
[Date "2020.10.26"]
[Round "8.31"]
[White "Abdulgader, Amira"]
[Black "Liebl, Livia"]
[Result "0-1"]
[WhiteElo "1484"]
[BlackElo "1543"]
[Annotator "NA"]
[PlyCount "96"]
[EventDate "2020.10.26"]
[SourceTitle "playchess.com"]
[Source "ChessBase"]
[SourceQuality "1"]

1. d4 d5 2. c4 e6 3. Nc3 f5 4. cxd5 exd5 5. Nf3 Nf6 6. Bg5 c6 7. e3 Bd6 8. Bd3 O-O 9. Qc2 g6 10. h4 Qc7 11. Bxf6 Rxf6 12. h5 Qg7 13. O-O-O g5 14. Ne5 Bxe5 15. dxe5 Rf8 16. f4 Be6 17. Ne2 Qh6 18. Kb1 a5 19. Rdf1 Na6 20. a3 g4 21. Ng3 Qg7 22. Nxf5 Bxf5 23. Bxf5 Nc7 24. h6 Qf7 25. Bxg4 Kh8 26. Bh5 Qe7 27. g4 Nb5 28. g5 d4 29. a4 Nc7 30. exd4 Nd5 31. Qe4 Qb4 32. Kc1 Qc4+ 33. Qc2 Qxd4 34. g6 hxg6 35. Qxg6 Rg8 36. Qf7 Qe3+ 37. Kb1 Qe4+ 38. Ka2 Qxa4+ 39. Kb1 Qe4+ 40. Kc1 Qe3+ 41. Kd1 Qd3+ 42. Ke1 Qe4+ 43. Kd2 Qd4+ 44. Kc1 Qc4+ 45. Kb1 Qe4+ 46. Kc1 Qe3+ 47. Kc2 Rg2+ 48. Kb1 Qd3+ 0-1

[Event "FISU World University-ch 2020"]
[Site "Online"]
[Date "2020.10.26"]
[Round "8.32"]
[White "Abdulla, Abdulrahman Mohammed"]
[Black "Gallardo Ramirez, Ricardo Manuel"]
[Result "0-1"]
[WhiteElo "2178"]
[BlackElo "1681"]
[Annotator "NA"]
[PlyCount "104"]
[EventDate "2020.10.26"]
[SourceTitle "playchess.com"]
[Source "ChessBase"]
[SourceQuality "1"]

1. d4 e6 2. c4 b6 3. Nc3 Bb7 4. Nf3 f5 5. Bf4 Bb4 6. e3 Nf6 7. Be2 O-O 8. O-O Bxc3 9. bxc3 Ne4 10. Qc2 d6 11. h3 Nd7 12. Bh2 Ndf6 13. Rab1 Qe8 14. c5 dxc5 15. dxc5 Nxc5 16. Bxc7 Be4 17. Qd2 Bxb1 18. Rxb1 Nfe4 19. Qd4 Qc6 20. Bh2 Rad8 21. Qc4 Qd5 22. Nd4 Qxc4 23. Bxc4 Kf7 24. Bc7 Rd7 25. Be5 Nd2 26. Rb4 a5 27. Rxb6 Nxc4 28. Rc6 Nxe5 29. Rxc5 Kf6 30. Rxa5 Rc8 31. Ra6 Re7 32. a4 Rxc3 33. a5 Nd3 34. g4 Nc5 35. Rb6 Rc1+ 36. Kg2 fxg4 37. hxg4 Ra1 38. Rb5 Ne4 39. Rb4 Nc3 40. Rc4 Nd5 41. Kf3 Ra2 42. Kg3 g5 43. e4 Nf4 44. Rc1 Ne2+ 45. Nxe2 Rxe2 46. Rc5 Rxe4 47. Rc8 Ra4 48. Rf8+ Rf7 49. Ra8 Ke5 50. Ra6 Ra3+ 51. f3 Rfxf3+ 52. Kg2 Rfc3 0-1

[Event "FISU World University-ch 2020"]
[Site "Online"]
[Date "2020.10.26"]
[Round "8.32"]
[White "Alrehaili, Ahmed Abdullah S"]
[Black "Aravena Navarro, Alexis Andres"]
[Result "1-0"]
[WhiteElo "1980"]
[BlackElo "1937"]
[Annotator "ChessBase"]
[PlyCount "159"]
[EventDate "2020.10.26"]
[SourceTitle "playchess.com"]
[Source "ChessBase"]
[SourceQuality "1"]

1. e4 c5 2. Nf3 Nc6 3. Bb5 g6 4. c3 Nf6 5. d3 Bg7 6. O-O O-O 7. Be3 d6 8. h3 Bd7 9. Ba4 Rb8 10. Nbd2 b5 11. Bb3 Ne8 12. d4 c4 13. Bc2 e6 14. h4 d5 15. e5 b4 16. h5 Qa5 17. Ng5 bxc3 18. bxc3 h6 19. hxg6 f5 20. Nh7 Nc7 21. Nxf8 Rxf8 22. Nb1 Nb5 23. Bd2 Qd8 24. a4 Nc7 25. Qh5 f4 26. Na3 a6 27. Rab1 Qe7 28. Bc1 Na5 29. Rb4 Nb3 30. Bxb3 cxb3 31. Nb1 a5 32. Rb7 Rc8 33. Ba3 Qe8 34. Bd6 Qd8 35. Rxb3 Ne8 36. Bc5 Bxa4 37. Ra3 Bb5 38. Rc1 Bd3 39. Nd2 Nc7 40. Rxa5 Nb5 41. Bb4 Nxd4 42. Rca1 Be2 43. Qh3 Nf5 44. Ra7 Qg5 45. Nf3 Qxg6 46. Nd4 Bg4 47. Qd3 Bxe5 48. Ra8 Rxa8 49. Rxa8+ Kh7 50. Ra7+ Ng7 51. Qxg6+ Kxg6 52. Ra6 Bf5 53. Nc6 Bf6 54. Ne7+ Bxe7 55. Bxe7 Nh5 56. Bd6 Bd3 57. Rb6 Kf5 58. Bf8 Nf6 59. Bxh6 e5 60. Bg7 Ne4 61. Rc6 Bc4 62. f3 Ng3 63. Rf6+ Kg5 64. Re6 e4 65. fxe4 dxe4 66. Rc6 Bd3 67. Bh6+ Kf5 68. Kf2 e3+ 69. Ke1 Be4 70. Rc5+ Kg4 71. Rg5+ Kh4 72. Rg8 Nh5 73. c4 Bf5 74. Bxf4 Bg4 75. g3+ Nxg3 76. Bxg3+ Kxg3 77. c5 Kf4 78. Rxg4+ Ke5 79. c6 Kd6 80. Rc4 1-0

[Event "FISU World University-ch 2020"]
[Site "Online"]
[Date "2020.10.26"]
[Round "8.32"]
[White "Ruiz Olate, Emily Andrea"]
[Black "Khayat, Emad"]
[Result "1/2-1/2"]
[WhiteElo "1866"]
[BlackElo "1525"]
[Annotator "NA"]
[PlyCount "94"]
[EventDate "2020.10.26"]
[SourceTitle "playchess.com"]
[Source "ChessBase"]
[SourceQuality "1"]

1. e4 e5 2. Nf3 Nc6 3. Bb5 a6 4. Ba4 Nf6 5. O-O Be7 6. Re1 b5 7. Bb3 O-O 8. a4 Bb7 9. axb5 axb5 10. Rxa8 Bxa8 11. Nc3 b4 12. Nd5 Bc5 13. Nxe5 Bxf2+ 14. Kxf2 Nxe5 15. h3 Nxd5 16. exd5 Qh4+ 17. Kg1 Qd4+ 18. Kh1 d6 19. c3 bxc3 20. bxc3 Qh4 21. d4 Nd3 22. Rf1 Nf2+ 23. Rxf2 Qxf2 24. Kh2 f5 25. Qh5 f4 26. Bd1 Qg3+ 27. Kg1 g6 28. Qf3 Qe1+ 29. Kh2 Qg3+ 30. Kg1 Re8 31. Bd2 Qxf3 32. Bxf3 g5 33. Kf2 Kf7 34. Bh5+ Ke7 35. Bxe8 Kxe8 36. c4 c6 37. dxc6 Bxc6 38. h4 h6 39. hxg5 hxg5 40. g3 Be4 41. gxf4 gxf4 42. Bxf4 Bd3 43. Bxd6 Bxc4 44. Ke3 Kd7 45. Bb4 Ke6 46. Ke4 Bd5+ 47. Kd3 Bb3 1/2-1/2

[Event "FISU World University-ch 2020"]
[Site "Online"]
[Date "2020.10.26"]
[Round "8.33"]
[White "Michailov, Matias"]
[Black "Ono, David"]
[Result "0-1"]
[WhiteElo "2263"]
[BlackElo "2096"]
[Annotator "ChessBase"]
[PlyCount "122"]
[EventDate "2020.10.26"]
[SourceTitle "playchess.com"]
[Source "ChessBase"]
[SourceQuality "1"]

1. e4 d5 2. exd5 Qxd5 3. Nc3 Qd8 4. d4 Nf6 5. Bc4 a6 6. Nf3 b5 7. Bb3 c5 8. dxc5 Qxd1+ 9. Nxd1 e6 10. a4 b4 11. Bf4 Bxc5 12. Ne3 Bb7 13. Ne5 Nc6 14. Nxc6 Bxc6 15. O-O O-O 16. a5 Rfd8 17. Rfd1 Rac8 18. h3 h6 19. Bc4 Bb7 20. Bd3 Ne4 21. Kf1 f5 22. h4 Kf7 23. Ke2 Bd4 24. f3 Nc5 25. Nc4 Nxd3 26. cxd3 Kf6 27. Ra4 Bc5 28. Be5+ Kf7 29. h5 Bc6 30. Raa1 Bb5 31. Rac1 Rd5 32. f4 Rcd8 33. b3 g5 34. fxg5 hxg5 35. h6 Bxc4 36. Rxc4 Rxe5+ 37. Kd2 Red5 38. Kc2 Kg6 39. Rh1 Bf8 40. h7 Bg7 41. Rxb4 Rxd3 42. Rb6 Rd2+ 43. Kc1 Ra2 44. Rxe6+ Kf7 45. Rhe1 Rc8+ 46. Kd1 Rd8+ 47. Kc1 Ra1+ 48. Kc2 Rc8+ 49. Kd3 Rc3+ 50. Kd2 Rxe1 51. Rxe1 Rc8 52. Rc1 Rd8+ 53. Ke2 Rb8 54. b4 Rxb4 55. Rc8 Rh4 56. Rc6 Rxh7 57. Rxa6 Rh4 58. g3 Ra4 59. Kf3 Ra3+ 60. Kg2 Be5 61. g4 Rg3+ 0-1

[Event "FISU World University-ch 2020"]
[Site "Online"]
[Date "2020.10.26"]
[Round "8.33"]
[White "Flores, Fernando"]
[Black "Caitano, Martin Joel"]
[Result "0-1"]
[WhiteElo "1943"]
[BlackElo "2086"]
[Annotator "TA"]
[PlyCount "104"]
[EventDate "2020.10.26"]
[SourceTitle "playchess.com"]
[Source "ChessBase"]
[SourceQuality "1"]

1. Nf3 d6 2. g3 Nf6 3. Bg2 g6 4. Nc3 Bg7 5. b3 O-O 6. Bb2 Nc6 7. O-O e5 8. e4 Re8 9. h3 Nd4 10. d3 c5 11. Nxd4 cxd4 12. Ne2 d5 13. f4 exf4 14. e5 Rxe5 15. Bxd4 Re8 16. Nxf4 Be6 17. Qf3 Qd7 18. Rae1 Rad8 19. Kh1 Nh5 20. Bxg7 Nxg7 21. d4 Nf5 22. c3 Rc8 23. Nxe6 fxe6 24. Re5 Ng7 25. Rfe1 Rf8 26. Qg4 Qf7 27. Rf1 Qc7 28. Rxf8+ Rxf8 29. Re3 Qd6 30. Qe2 Rf6 31. g4 Qf4 32. Kg1 Qg5 33. c4 h5 34. Re5 Qc1+ 35. Bf1 hxg4 36. hxg4 Qf4 37. cxd5 Qxd4+ 38. Re3 exd5 39. Bg2 Re6 40. Kf2 Qf4+ 41. Bf3 Rf6 42. Kg2 d4 43. Re4 Qd6 44. Qd1 d3 45. Qd2 Ne6 46. Kf2 b6 47. Re3 Nf4 48. Re8+ Kg7 49. Ke3 Nd5+ 50. Bxd5 Qxd5 51. Re4 Qg5+ 52. Kd4 Qxd2 0-1

[Event "FISU World University-ch 2020"]
[Site "Online"]
[Date "2020.10.26"]
[Round "8.33"]
[White "Perez, Cecilia Manuela"]
[Black "Anaya Lopez, Gonzalo Javier"]
[Result "0-1"]
[WhiteElo "1588"]
[BlackElo "1984"]
[Annotator "NA"]
[PlyCount "60"]
[EventDate "2020.10.26"]
[SourceTitle "playchess.com"]
[Source "ChessBase"]
[SourceQuality "1"]

1. Nf3 Nf6 2. g3 b6 3. Bg2 Bb7 4. O-O e6 5. d3 c5 6. Nbd2 Be7 7. e4 d6 8. b3 O-O 9. Bb2 Nc6 10. e5 dxe5 11. Nxe5 Qc7 12. Nxc6 Bxc6 13. Bxc6 Qxc6 14. Qf3 Qxf3 15. Nxf3 Nd5 16. a3 Bf6 17. Bxf6 gxf6 18. c4 Ne7 19. d4 Nc6 20. dxc5 bxc5 21. Rad1 Rfd8 22. Rfe1 Kf8 23. Kf1 Ke7 24. Ke2 e5 25. g4 Rab8 26. g5 Rxb3 27. gxf6+ Kxf6 28. Rxd8 Nxd8 29. Rd1 Ne6 30. Rd5 Nf4+ 0-1